|
|
|
|
| LEADER |
00658nam a2200193Ia 4500 |
| 001 |
CTU_129999 |
| 008 |
210402s9999 xx 000 0 und d |
| 020 |
|
|
|c 50.05
|
| 082 |
|
|
|a 616.0472
|
| 082 |
|
|
|b C737
|
| 245 |
|
0 |
|a Complex regional pain syndrome
|
| 245 |
|
0 |
|c Editors, R. Norman Harden, Ralf Baron, Wilfrid Jänig ; section editors, Stephen Bruehl, Bradley S. Galer, Michael Stanton-Hicks.
|
| 260 |
|
|
|a Seattle
|
| 260 |
|
|
|b IASP Press
|
| 260 |
|
|
|c 2001
|
| 650 |
|
|
|a Reflex sympathetic dystrophy,Causalgia,Complex Regional Pain Syndromes
|
| 650 |
|
|
|x diagnosis
|
| 904 |
|
|
|i Tuyến
|
| 980 |
|
|
|a Trung tâm Học liệu Trường Đại học Cần Thơ
|